000 01894nam2a2200349 4500
001 RU\NLR\BIBL_A\010355395
005 20260405071907.0
010 _a978-5-8382-0623-7
_91000
035 _a(NLR Aleph) 010355395
090 _a10761120
_c10761120
100 _a20140512d2013 |||y0rusy50 ca
101 0 _arus
_aeng
102 _aRU
105 _aa ||z||||10zd
200 1 _aПроза
_dProse
_zeng
210 _d2013
_aБ. м.
215 _a289 c.
_cил., цв. ил., портр.
300 _aНа обл. также загл. произведения, включенного в том: Мировые рекорды в пустыне Синая
300 _aАвт. также на англ. яз.: A.N. Ezove
300 _aТекст парал. на рус. и англ. яз.
320 _aДр. худож. произведения авт.: с. 278-288 (156 назв.)
327 1 _aСодерж.: В пустыне Синая с гирей: по Библейским местам: впервые в мире: ч. 2
461 0 _1001RU\NLR\bibl\463973
_12000#$aСобрание сочинений$dCollected works$eВ 25 т.$fА.Н. Ежов$gМ-во образования Рос. Федерации и др.$zeng$vТ. 103
_1700#1$3RU\NLR\auth\7718468$aЕжов$bА. Н.$f1946-$gАнатолий Николаевич$4070
_9911945
_aЕжов, А. Н. (1946-)
_cМ.
_d2003
_fА.Н. Ежов
_lCollected works
_nЮпитер
_oВ 25 т.
_tСобрание сочинений
_vТ. 103
510 1 _6z20790
_aProse
_zeng
512 1 _aМировые рекорды в пустыне Синая, ч. 2
686 2 _aШ6(2=Р)8-464.3
790 1 _8rus
_7ba
_aEžov
_bA. N.
_f1946-
_gAnatolij Nikolaevič
_3RU\NLR\AUTH\7718469
_91546
942 _cBOOK
980 _aNB